[Event "DVM U20w 2014"]
[Site "Naumburg (Saale) GER"]
[Date "2014.12.28"]
[Round "4"]
[White "Heyer, Anne Ricarda"]
[Black "Antusch, Isabella"]
[Result "0-1"]
[Termination "normal"]
[Board "6.4"]
[WhiteElo "1022"]
[BlackElo "1235"]
[WhiteTeam "TTC Grün-Weiß Fritzdorf"]
[BlackTeam "SK Freiburg Zähringen"]
[PlyCount "112"]
[WhiteFideId "16200373"]
[BlackFideId "12963941"]
[EventCountry "GER"]
[EventRounds "7"]
[EventType "team-swiss"]
[EventDate "2014.12.26"]

1. e4 c5 2. Nc3 Nc6 3. Nf3 e6 4. Bc4 Be7 5. d3 Nf6 6. Bf4 O-O 7. Qd2 d5 8. exd5
exd5 9. Bb3 Re8 10. O-O-O Be6 11. Rhe1 Bd6 12. Bg5 Be7 13. h3 Nd7 14. Bf4 Nb6
15. a3 Bd6 16. Re2 Qd7 17. Rde1 a6 18. Na4 Nxa4 19. Bxa4 b5 20. Bb3 Qc7 21. g3
c4 22. dxc4 Bxf4 23. gxf4 dxc4 24. Ba2 Rad8 25. Qc3 Qxf4+ 26. Kb1 Rd6 27. Nd2
Rd7 28. Kc1 Rde7 29. Rg1 Nd4 30. Re4 Qxe4 31. Nxe4 Ne2+ 32. Kb1 Nxc3+ 33. Nxc3
Bxh3 34. b3 Re1+ 35. Rxe1 Rxe1+ 36. Kb2 Bf1 37. a4 b4 38. Nd5 c3+ 39. Nxc3
bxc3+ 40. Kxc3 h5 41. b4 h4 42. b5 axb5 43. axb5 Bxb5 44. Kd2 Re2+ 45. Kd1 h3
46. Kc1 Rxf2 47. Kb2 h2 48. Bd5 Be2 49. Kc3 Bf3 50. Bxf3 Rxf3+ 51. Kb2 h1=Q 52.
Ka2 Qc1 53. c3 Qxc3 54. Kb1 Rf1+ 55. Ka2 Rf2+ 56. Kb1 Qe1# 0-1